<?xml version="1.0" encoding="UTF-8"?>
<record
    xmlns:xsi="http://www.w3.org/2001/XMLSchema-instance"
    xsi:schemaLocation="http://www.loc.gov/MARC21/slim http://www.loc.gov/standards/marcxml/schema/MARC21slim.xsd"
    xmlns="http://www.loc.gov/MARC21/slim">

  <leader>00475nam a22001817a 4500</leader>
  <controlfield tag="003">OSt</controlfield>
  <controlfield tag="005">20260422123515.0</controlfield>
  <controlfield tag="008">260422b        |||||||| |||| 00| 0 eng d</controlfield>
  <datafield tag="020" ind1=" " ind2=" ">
    <subfield code="a">9789371391054</subfield>
  </datafield>
  <datafield tag="040" ind1=" " ind2=" ">
    <subfield code="c">DLC</subfield>
  </datafield>
  <datafield tag="050" ind1=" " ind2=" ">
    <subfield code="a">294 PRA</subfield>
  </datafield>
  <datafield tag="082" ind1=" " ind2=" ">
    <subfield code="a">294 PRA</subfield>
  </datafield>
  <datafield tag="100" ind1=" " ind2=" ">
    <subfield code="a">Prakash,Shakti </subfield>
    <subfield code="9">35096</subfield>
  </datafield>
  <datafield tag="245" ind1=" " ind2=" ">
    <subfield code="a">The Man Towards the Moksha</subfield>
  </datafield>
  <datafield tag="260" ind1=" " ind2=" ">
    <subfield code="a">New Delhi</subfield>
    <subfield code="b">Bluerose Publishers Pvt. Ltd.</subfield>
    <subfield code="c">10 May 2025</subfield>
  </datafield>
  <datafield tag="300" ind1=" " ind2=" ">
    <subfield code="a">111 pages</subfield>
    <subfield code="c">20.32 x 12.7 x 2.54 cm</subfield>
  </datafield>
  <datafield tag="942" ind1=" " ind2=" ">
    <subfield code="2">ddc</subfield>
    <subfield code="c">BK</subfield>
  </datafield>
  <datafield tag="952" ind1=" " ind2=" ">
    <subfield code="0">0</subfield>
    <subfield code="1">0</subfield>
    <subfield code="2">ddc</subfield>
    <subfield code="4">0</subfield>
    <subfield code="7">0</subfield>
    <subfield code="a">IIMV</subfield>
    <subfield code="b">IIMV</subfield>
    <subfield code="c">GEN</subfield>
    <subfield code="d">2026-04-22</subfield>
    <subfield code="l">0</subfield>
    <subfield code="o">294 PRA</subfield>
    <subfield code="p">004438</subfield>
    <subfield code="r">2026-04-22 12:36:09</subfield>
    <subfield code="v">201.00</subfield>
    <subfield code="w">2026-04-22</subfield>
    <subfield code="y">BK</subfield>
    <subfield code="B">PRA</subfield>
  </datafield>
  <datafield tag="999" ind1=" " ind2=" ">
    <subfield code="c">7854</subfield>
    <subfield code="d">7854</subfield>
  </datafield>
</record>
